| 000 | 00424nam a22001697a 4500 | ||
|---|---|---|---|
| 999 |
_c523765 _d523765 |
||
| 003 | NUST | ||
| 038 | _awaseem | ||
| 082 |
_a491.436 _bKAM |
||
| 100 |
_aKamal, Azam _914541 |
||
| 245 |
_aLooha-e-Arooz / _cAzam Kamal |
||
| 260 |
_aKarachi : _bKamal Publisher, _c2005. |
||
| 300 | _a135 p. ; | ||
| 500 | _aPaperback. | ||
| 880 |
_6100-02\r _aاعظم کمال |
||
| 880 |
_6245-02\r _aلوحِ عُروض / |
||
| 942 |
_2ddc _cBK |
||